Anatomía de sistemas : su análisis y su apoyo / (Registro nro. 26716)

Detalles MARC
000 -LEADER
campo de control de longitud fija 01834cam a22004814i 4500
003 - IDENTIFICADOR DE NÚMERO DE CONTROL
campo de control PE-LiUPU
005 - FECHA Y HORA DE LA ÚLTIMA TRANSACCIÓN
campo de control 20250731165509.0
008 - DATOS DE LONGITUD FIJA--INFORMACIÓN GENERAL
campo de control de longitud fija 180119s2016 sp b ra 001 0 spa d
020 ## - NÚMERO INTERNACIONAL ESTÁNDAR DEL LIBRO
Número Internacional Estándar del Libro 9788490520277
035 ## - NÚMERO DE CONTROL DEL SISTEMA
Número de control de sistema (Sirsi) a241074
040 ## - FUENTE DE CATALOGACIÓN
Centro catalogador/agencia de origen PE-LiUPU
Lengua de catalogación spa
Centro/agencia transcriptor PE-LiUPU
Normas de descripción rda
049 ## - FONDOS LOCALES (OCLC)
Biblioteca depositaria PRUA
082 04 - NÚMERO DE LA CLASIFICACIÓN DECIMAL DEWEY
Número de clasificación 005.43
Cutter G22
Número de edición 20
100 1# - ENTRADA PRINCIPAL--NOMBRE DE PERSONA
Nombre de persona García Vaca, Isidoro G,
Término indicativo de función/relación autor.
245 10 - MENCIÓN DEL TÍTULO
Título Anatomía de sistemas : su análisis y su apoyo /
Mención de responsabilidad, etc. Isidoro G. García Vaca.
264 ## - PRODUCCIÓN, PUBLICACIÓN, DISTRIBUCIÓN, FABRICACIÓN Y COPYRIGHT
Producción, publicación, distribución, fabricación y copyright España :
Nombre del de productor, editor, distribuidor, fabricante Diaz de santos,
Fecha de producción, publicación, distribución, fabricación o copyright 2016.
300 ## - DESCRIPCIÓN FÍSICA
Extensión 244 páginas :
Otras características físicas ilustraciones;
Dimensiones 24 centímetros
504 ## - NOTA DE BIBLIOGRAFÍA, ETC.
Nota de bibliografía, etc. Bibliografía : páginas 243-244.
505 0# - NOTA DE CONTENIDO CON FORMATO
Nota de contenido con formato Los sistemas -- Configuración de sistemas -- Disponibilidad -- Fiabilidad -- Mantenibilidad -- Soportabilidad -- Seguridad -- Ciclo RAMSS -- Apolo logístico integrado (ALI) -- Análisis de apoyo logístico -- Mantenimiento -- Estrategias de mantenimiento -- Plan de mantenimiento -- Costes de mantenimiento -- Bibliografía.
526 ## - NOTA DE INFORMACIÓN SOBRE EL PROGRAMA DE ESTUDIO
Nombre del programa Segunda Especialidad En Estadística Aplicada Para Investigación (A Distancia)
526 ## - NOTA DE INFORMACIÓN SOBRE EL PROGRAMA DE ESTUDIO
Nombre del programa Segunda Especialidad En Estadística Aplicada Para Investigación
526 ## - NOTA DE INFORMACIÓN SOBRE EL PROGRAMA DE ESTUDIO
Nombre del programa Ingeniería De Ciberseguridad
526 ## - NOTA DE INFORMACIÓN SOBRE EL PROGRAMA DE ESTUDIO
Nombre del programa Ingeniería De Ciencia De Datos E Inteligencia Artificial
526 ## - NOTA DE INFORMACIÓN SOBRE EL PROGRAMA DE ESTUDIO
Nombre del programa Ingeniería De Software
526 ## - NOTA DE INFORMACIÓN SOBRE EL PROGRAMA DE ESTUDIO
Nombre del programa
526 ## - NOTA DE INFORMACIÓN SOBRE EL PROGRAMA DE ESTUDIO
Nombre del programa Comunicación Y Periodismo
526 ## - NOTA DE INFORMACIÓN SOBRE EL PROGRAMA DE ESTUDIO
Nombre del programa Maestría En Ingeniería De Sistemas Con Mención En Dirección Y Gestión De Tecnologías De Información (Semipresencial)
526 ## - NOTA DE INFORMACIÓN SOBRE EL PROGRAMA DE ESTUDIO
Nombre del programa Maestría En Ingeniería De Sistemas Con Mención En Dirección Y Gestión De Tecnologías De Información (A Distancia)
526 ## - NOTA DE INFORMACIÓN SOBRE EL PROGRAMA DE ESTUDIO
Nombre del programa Doctorado en ingeniería de sistemas
526 ## - NOTA DE INFORMACIÓN SOBRE EL PROGRAMA DE ESTUDIO
Nombre del programa Maestría en ingeniería de sistemas con mención en Ingeniería de software
526 ## - NOTA DE INFORMACIÓN SOBRE EL PROGRAMA DE ESTUDIO
Nombre del programa Maestría en ingeniería de sistemas con mención en Dirección y gestión de tecnologías de información
526 ## - NOTA DE INFORMACIÓN SOBRE EL PROGRAMA DE ESTUDIO
Nombre del programa Ingeniería de sistemas
526 ## - NOTA DE INFORMACIÓN SOBRE EL PROGRAMA DE ESTUDIO
Nombre del programa Educación secundaria, especialidad matemática e informática
541 ## - NOTA DE FUENTE DE ADQUISICIÓN DIRECTA
-- 0001-0042355;
596 ## -
-- 1
650 ## - PUNTO DE ACCESO ADICIONAL DE MATERIA--TÉRMINO DE MATERIA
Término de materia o nombre geográfico como elemento de entrada Sistemas operacionales (Computadores).
650 14 - PUNTO DE ACCESO ADICIONAL DE MATERIA--TÉRMINO DE MATERIA
Término de materia o nombre geográfico como elemento de entrada Análisis de sistemas.
650 24 - PUNTO DE ACCESO ADICIONAL DE MATERIA--TÉRMINO DE MATERIA
Término de materia o nombre geográfico como elemento de entrada Teoría de sistemas.
910 ## - DATOS DE OPCIÓN DEL USUARIO (OCLC)
Datos de opción del usuario dbm
-- marg
-- marg
-- 20180119
942 ## - ELEMENTOS DE ENTRADA SECUNDARIOS (KOHA)
Fuente del sistema de clasificación o colocación Clasificación Decimal Dewey
Tipo de ítem Koha
994 ## -
-- C0
-- PEPRU
999 ## - NÚMEROS DE CONTROL DE SISTEMA (KOHA)
-- DEWEY
-- 78184
-- 2018-9-28
-- 2021-11-9
-- 4
-- CCODEBUL1
-- BUL
-- 2
-- 32.34
-- 0
-- Y
-- BOOK
-- 2018-1-19
-- INGENIERIA
-- P27
-- COMPRA
-- .STAFF. Colección Ingeniería y Arquitectura
980 ## - EQUIVALENCIA O REFERENCIA-CRUZADA-MENCIÓN DE SERIE--NOMBRE DE PERSONA/TÍTULO [LOCAL, CANADÁ]
ID del último usuario que modificó el registro 1
Nombre del último usuario que modificó el registro ALBERTO SANCHEZ Responsable de Automatización
Existencias
Visto por última vez Número de inventario Total de préstamos Signatura topográfica completa Código de barras Fecha del último préstamo Copia número Coste, precio de reemplazo Fecha de reemplazo Facultad Tipo de ítem Koha Nota pública Estado de pérdida Fuente del sistema de clasificación o colocación Restricciones de uso No para préstamo Colección Programa académico Biblioteca de origen Biblioteca actual Ubicación en estantería Fecha de adquisición Fuente de adquisición Coste, precio normal de compra
2025-12-02 5 2 005.43 G22 78184 2018-09-28 e1 37.34 2018-01-19 FIA Libros físicos inventario-2023-12-13 No Perdido Clasificación Decimal Dewey No restringido Disponible para préstamos Colección General Ingeniería de sistemas Biblioteca CRAI UPeU Lima Biblioteca CRAI UPeU Lima Sala principal 2018-01-19 COMPRA 32.34